000 00639nam a22002177a 4500
003 UA-OsUOA
001 114653
007 ta
008 20151116b un ||||| |||| 00| 0 ukr d
100 _aШейко І.М.
090 _a902
_bШ39
942 _cSA
040 _aUA-OsUOA
_bukr
_cUA-OsUOA
_dUA-OsUOA
245 _aЕксперимент з використання античних глиняних світильників
300 _aС.118-123
955 _a0
041 _aukr
080 _a902
773 0 _w114643
_tАрхеологія
_dК.
_d2015
_g3
650 7 _a9 Географія. Біографії. Історія
_2UDC
999 _c400799
_d400799